| 000 | 00532nam a2200169Ia 4500 | ||
|---|---|---|---|
| 999 |
_c21600 _d21600 |
||
| 003 | OSt | ||
| 005 | 20200713121507.0 | ||
| 008 | 190216s9999||||xx |||||||||||||| ||und|| | ||
| 020 | _a9788126146505 | ||
| 040 | _coclc | ||
| 082 |
_a305.51220954 _bTAB/E |
||
| 100 |
_aTabassum, Henna _92674 |
||
| 245 | 0 |
_aEncyclopaedia Of Caste,Class And Society In India / _cHenna Tabassum |
|
| 260 |
_bAnmol Publications, _c2011. _aNew Delhi: |
||
| 300 | _a296p | ||
| 942 |
_cBK _2ddc _h305.51220954 _iTAB/E _k305.51220954 _mTAB/E |
||